| 000 | 00567nam a2200217 454500 | ||
|---|---|---|---|
| 001 | 057382 | ||
| 003 | BD-ChCU | ||
| 008 | Eng | ||
| 020 | _a0471122084 | ||
| 040 |
_aDLC _cDLC _dBD-ChCU |
||
| 082 | 0 | 0 | _a519.5/P381d |
| 100 | 1 |
_aPelosi, Marilyn k _bM. Sandifer, Theresa M. |
|
| 245 | 1 | 0 |
_aDoing Statistics for business : _bwith excel, data, inference and decision making |
| 250 | _ax | ||
| 260 |
_aNew York _bWilley _c2000 |
||
| 300 | _axii, 850 | ||
| 504 | _aIncludes | ||
| 650 | 0 |
_aCommercial Statistics _bStatistics |
|
| 700 | 1 | _ax | |
| 942 |
_2ddc _cBK |
||
| 999 |
_c57382 _d57382 |
||